| 000 | 00569nam a22001697a 4500 | ||
|---|---|---|---|
| 005 | 20180202140154.0 | ||
| 010 | _aBAC-CH25 | ||
| 020 |
_a9788180221231 _c195.00 |
||
| 035 | _aB-558591-625 | ||
| 037 |
_adpl _bABC /Ven |
||
| 082 | _a507.8 | ||
| 245 |
_aScience Experiment for Backyard Scientist / _ccompiled by Shruthi Rao |
||
| 260 |
_bPriority Publications _c2013 _adelhi |
||
| 300 |
_a96p.: _bcol.ill. _c27cm(pbk) |
||
| 942 |
_2ddc _cCH _mSCI _h507.8 |
||
| 999 |
_c86958 _d86958 |
||